2008 MLB Playoff Lineups - Statistics

General Stats
  • This quiz has been taken 38 times
  • The average score is 36 of 105
Answer Stats
Hint Hint Answer % Correct
Boston Red Sox DH David Ortiz
94%
Boston Red Sox 2B Dustin Pedroia
83%
Tampa Bay Rays 3B Evan Longoria
78%
Boston Red Sox C Jason Varitek
78%
Philadelphia Phillies 1B Ryan Howard
78%
Chicago White Sox 2B Alexei Ramirez
72%
Chicago Cubs 3B Aramis Ramirez
72%
Tampa Bay Rays 1B Carlos Peña
72%
Philadelphia Phillies 2B Chase Utley
72%
Chicago Cubs 1B Derrek Lee
72%
Los Angeles Dodgers LF Manny Ramirez
72%
Chicago White Sox 1B Paul Konerko
72%
Los Angeles Angels DH Vladimir Guerrero
72%
Philadelphia Phillies SS Jimmy Rollins
67%
Milwaukee Brewers LF Ryan Braun
67%
Chicago White Sox C A.J. Pierzynski
61%
Los Angeles Dodgers SP Derek Lowe
61%
Boston Red Sox RF J.D. Drew
61%
Chicago White Sox RF Jermaine Dye
61%
Boston Red Sox SP Josh Beckett
61%
Boston Red Sox 3B Kevin Youkilis
61%
Los Angeles Angels MGR Mike Scioscia
61%
Milwaukee Brewers 1B Prince Fielder
61%
Los Angeles Dodgers C Russell Martin
61%
Tampa Bay Rays LF Carl Crawford
56%
Tampa Bay Rays MGR Joe Maddon
56%
Boston Red Sox MGR Terry Francona
56%
Tampa Bay Rays CF B.J. Upton
50%
Chicago Cubs SP Carlos Zambrano
50%
Philadelphia Phillies MGR Charlie Manuel
50%
Los Angeles Angels SP John Lackey
50%
Los Angeles Angels C Mike Napoli
50%
Milwaukee Brewers 3B Bill Hall
44%
Philadelphia Phillies SP Cole Hamels
44%
Los Angeles Angels LF Garret Anderson
44%
Boston Red Sox CF Jacoby Ellsbury
44%
Philadelphia Phillies RF Jayson Werth
44%
Chicago White Sox SP Mark Buehrle
44%
Los Angeles Dodgers CF Matt Kemp
44%
Chicago White Sox MGR Ozzie Guillen
44%
Philadelphia Phillies CF Shane Victorino
44%
Los Angeles Dodgers RF Andre Ethier
39%
Tampa Bay Rays SP James Shields
39%
Boston Red Sox SP Jon Lester
39%
Boston Red Sox SP Tim Wakefield
39%
Chicago Cubs LF Alfonso Soriano
33%
Philadelphia Phillies C Carlos Ruiz
33%
Milwaukee Brewers SP C.C. Sabathia
33%
Los Angeles Angels 3B Chone Figgins
33%
Boston Red Sox SP Daisuke Matsuzaka
33%
Chicago Cubs C Geovany Soto
33%
Boston Red Sox LF Jason Bay
33%
Chicago White Sox SS Orlando Cabrera
33%
Los Angeles Angels CF Torii Hunter
33%
Los Angeles Angels SP Ervin Santana
28%
Chicago White Sox DH Jim Thome
28%
Los Angeles Dodgers MGR Joe Torre
28%
Chicago White Sox CF Ken Griffey Jr.
28%
Tampa Bay Rays SP Matt Garza
28%
Los Angeles Angels SS Erick Aybar
22%
Los Angeles Angels 2B Howie Kendrick
22%
Los Angeles Dodgers 1B James Loney
22%
Tampa Bay Rays SS Jason Bartlett
22%
Chicago Cubs CF Jim Edmonds
22%
Philadelphia Phillies SP Joe Blanton
22%
Chicago White Sox 3B Juan Uribe
22%
Chicago Cubs MGR Lou Piniella
22%
Chicago Cubs SS Ryan Theriot
22%
Tampa Bay Rays SP Scott Kazmir
22%
Tampa Bay Rays DH Willy Aybar
22%
Tampa Bay Rays 2B Akinori Iwamura
17%
Milwaukee Brewers RF Corey Hart
17%
Tampa Bay Rays C Dioner Navarro
17%
Boston Red Sox SS Jed Lowrie
17%
Chicago White Sox SP John Danks
17%
Philadelphia Phillies LF Pat Burrell
17%
Los Angeles Dodgers SS Rafael Furcal
17%
Tampa Bay Rays RF Rocco Baldelli
17%
Chicago Cubs SP Ryan Dempster
17%
Los Angeles Dodgers SP Chad Billingsley
11%
Milwaukee Brewers 2B Craig Counsell
11%
Chicago White Sox SP Gavin Floyd
11%
Milwaukee Brewers C Jason Kendall
11%
Milwaukee Brewers SS J.J. Hardy
11%
Chicago Cubs RF Kosuke Fukudome
11%
Chicago Cubs 2B Mark DeRosa
11%
Boston Red Sox 1B Mark Kotsay
11%
Los Angeles Angels 1B Mark Teixeira
11%
Milwaukee Brewers SP Yovani Gallardo
11%
Philadelphia Phillies SP Brett Myers
6%
Los Angeles Dodgers 3B Casey Blake
6%
Chicago White Sox LF Dewayne Wise
6%
Philadelphia Phillies SP Jamie Moyer
6%
Chicago White Sox SP Javier Vazquez
6%
Milwaukee Brewers SP Jeff Suppan
6%
Los Angeles Angels RF Juan Rivera
6%
Milwaukee Brewers CF Mike Cameron
6%
Philadelphia Phillies 3B Pedro Feliz
6%
Tampa Bay Rays SP Andy Sonnanstine
0%
Los Angeles Dodgers 2B Blake DeWitt
0%
Milwaukee Brewers MGR Dale Sveum
0%
Milwaukee Brewers SP Dave Bush
0%
Los Angeles Dodgers SP Hiroki Kuroda
0%
Los Angeles Angels SP Joe Saunders
0%
Chicago Cubs SP Rich Harden
0%
No matching quizzes found
Score Distribution
Percent of People with Each Score
Percentile by Number Answered
Your Score History
You have not taken this quiz